00617 2200217 4500001002100000005001500021035002000036007000300056008004100059020002200100082001000122084001600132100002200148245008900170250001000259260004300269300003000312700002900342600001700371990001100388INLIS00000000000777820210329020728 a0010-0321001148ta210329 g 0 ind  a978-602-73888-2-6 a297.4 a297.4 SYA e0 aSYARIF, Rahmat RA1 a40 Goresan Pena Syarif Rahmat 2 /cSyarif Rahmat RA; editor, Ateng Usep Tirta Kusuma acet.1 aTangerang :bYayasan Ummul Qura,c2016 ajil.2, 232 hal. ;c21 cm.0 aATENG, Usep Tirta Kusuma 4aISLAM. FIQIH a7969 b